000 00328nam a22001337a 4500
008 250411b |||||||| |||| 00| 0 eng d
020 _a013028705901
050 _aJF1351
_b.L88
100 _aLUTRIN Carl
245 _aAmerican Public Administration
260 _aUSA.
_bWanda Lubalska
_c1976
300 _axii, 516p.
942 _cBK
999 _c2930
_d2930